[Event "Mechanics' Fall TNM; 30/90, SD/30"]
[Site "San Francisco"]
[Date "2013.11.12"]
[Round "4.6"]
[White "Nelson, Christopher"]
[Black "Ivanov, Aleksandr"]
[Result "0-1"]
[WhiteElo "1669"]
[BlackElo "2103"]
[PlyCount "86"]
[EventDate "2013.??.??"]

1. e4 c6 2. d4 d5 3. exd5 cxd5 4. Nf3 Nc6 5. Nc3 Nf6 6. Be2 Bf5 7. a3 e6 8. O-O
Bd6 9. Nb5 Bb8 10. c4 O-O 11. Bg5 Be4 12. cxd5 exd5 13. Bh4 Re8 14. Rc1 Bf4 15.
Ra1 Rc8 16. Nc3 Qd6 17. Bg3 Nh5 18. Nb5 Qh6 19. Ne1 Nxg3 20. fxg3 Be3+ 21. Kh1
a6 22. Nc3 Bxd4 23. Nxe4 dxe4 24. Bc4 Rc7 25. Nc2 Bxb2 26. Ra2 Bf6 27. Qe2 Ne5
28. Bb3 Nd3 29. Qe3 Qxe3 30. Nxe3 Nc1 31. Nd5 Rc6 32. Nxf6+ gxf6 33. Rb2 Nxb3
34. Rxb3 b5 35. h3 Kg7 36. g4 e3 37. Rb4 Kg6 38. h4 Rd8 39. Re4 Re6 40. h5+ Kg7
41. Rff4 e2 42. Rxe6 fxe6 43. Re4 Rd1+ 0-1

[Event "Mechanics' Winter TNM; 30/90, SD/30"]
[Site "San Francisco"]
[Date "2013.02.05"]
[Round "5.22"]
[White "Nelson, Christopher"]
[Black "Kottcamp, Jeff"]
[Result "1-0"]
[WhiteElo "1513"]
[BlackElo "1725"]
[PlyCount "43"]
[EventDate "2013.??.??"]

1. e4 c5 2. Nf3 d6 3. d4 cxd4 4. Nxd4 Nf6 5. Nc3 a6 6. Be2 e5 7. Nb3 Be7 8. a4
Be6 9. Be3 d5 10. exd5 Nxd5 11. Nxd5 Bxd5 12. O-O Nc6 13. c4 Be6 14. Nc5 Qc8
15. Nxe6 Qxe6 16. a5 Rd8 17. Qb3 Bb4 18. Bb6 Rd2 19. Bf3 e4 20. Rfe1 f5 21. Re2
Rd3 22. Qxd3 1-0

[Event "Mechanics' Winter TNM; 30/90, SD/30"]
[Site "San Francisco"]
[Date "2013.01.08"]
[Round "1.18"]
[White "Nelson, Christopher"]
[Black "Maser, Thomas"]
[Result "1/2-1/2"]
[WhiteElo "1513"]
[BlackElo "1993"]
[PlyCount "65"]
[EventDate "2013.??.??"]

1. e4 e5 2. Nc3 Nf6 3. f4 d6 4. Nf3 Bg4 5. fxe5 dxe5 6. Bc4 Bc5 7. Bxf7+ Kf8 8.
Bc4 Nc6 9. d3 Nd4 10. Bg5 Qe8 11. Rf1 Nxf3+ 12. Rxf3 Qh5 13. Bxf6 gxf6 14.
Rxf6+ Kg7 15. Rf7+ Kg6 16. Qd2 Rhf8 17. Ne2 Rxf7 18. Bxf7+ Kxf7 19. d4 Qxh2 20.
O-O-O Bxe2 21. Qxe2 Be7 22. Qc4+ Kg6 23. Qe6+ Bf6 24. Qf5+ Kg7 25. dxe5 Qh6+
26. Kb1 Be7 27. e6 Rd8 28. Qf7+ Kh8 29. Rxd8+ Bxd8 30. Qe8+ Kg7 31. Qf7+ Kh8
32. Qe8+ Kg7 33. Qf7+ 1/2-1/2

[Event "Mechanics' Winter TNM; 30/90, SD/30"]
[Site "San Francisco"]
[Date "2013.02.19"]
[Round "7.21"]
[White "Nelson, Christopher"]
[Black "Newey, Richard"]
[Result "1/2-1/2"]
[WhiteElo "1513"]
[BlackElo "1673"]
[Annotator "Donaldson"]
[PlyCount "69"]
[EventDate "2013.??.??"]

1. d4 Nf6 2. Nf3 g6 3. Bg5 Ne4 4. Bh4 Bg7 5. Nbd2 f5 6. e3 c5 7. Bd3 d5 8. c3
Nc6 9. O-O Qb6 10. Qb3 Qxb3 11. axb3 cxd4 12. exd4 h6 13. Bg3 g5 14. h3 f4 15.
Bh2 Bf5 16. Bb5 O-O 17. Bxc6 bxc6 18. Nxe4 dxe4 19. Ne5 Rfc8 20. g4 (20. Ra6
Bxe5 21. dxe5 e3) (20. Ra5) 20... fxg3 (20... Be6) 21. fxg3 $2 (21. Bxg3) 21...
Bxh3 22. Rfe1 Bxe5 23. dxe5 Bf5 24. Ra6 Kg7 25. Rea1 Rc7 26. e6 Rb7 27. Rxc6
Rxb3 28. Rf1 Bh3 29. Rf7+ Kg8 30. g4 Rxb2 31. Be5 Rd8 32. Bd4 e3 33. Rc7 e2 34.
Rg7+ Kf8 35. Rf7+ 1/2-1/2

[Event "Mechanics' Neil Falconer TNM; 30/90, SD"]
[Site "San Francisco"]
[Date "2013.09.10"]
[Round "6.7"]
[White "Newey, Richard"]
[Black "Chernobilskiy, Mikhail"]
[Result "0-1"]
[WhiteElo "1842"]
[BlackElo "1883"]
[PlyCount "90"]
[EventDate "2013.??.??"]

1. e4 e5 2. Nf3 Nc6 3. Bc4 Bc5 4. c3 Nf6 5. d4 exd4 6. cxd4 Bb4+ 7. Bd2 Bxd2+
8. Nbxd2 Nxe4 9. d5 Nxd2 10. Kxd2 Ne7 11. Re1 O-O 12. Qe2 Ng6 13. d6 Qf6 14.
Kc2 Qxd6 15. Rad1 Qc6 16. Kb1 d6 17. Ka1 Bg4 18. Bd5 Qb6 19. Qe4 Bxf3 20. gxf3
c6 21. Bb3 d5 22. Qe3 Qxe3 23. fxe3 a5 24. e4 a4 25. Bc2 dxe4 26. Rxe4 a3 27.
Rb4 axb2+ 28. Kxb2 Ne5 29. f4 Ng4 30. Rb3 g6 31. h4 b5 32. h5 Kg7 33. Rd7 Rfd8
34. Rxd8 Rxd8 35. hxg6 hxg6 36. Rg3 f5 37. Rc3 Rd6 38. a4 bxa4 39. Bxa4 Rd4 40.
Bxc6 Rxf4 41. Be8 Ne5 42. Rb3 Rf2+ 43. Kc1 f4 44. Rb7+ Kf6 45. Rg7 f3 0-1

[Event "Mechanics' Summer TNM; 30/90, SD/30"]
[Site "San Francisco"]
[Date "2013.06.25"]
[Round "5.23"]
[White "Newey, Richard"]
[Black "Cole, Tony"]
[Result "1-0"]
[WhiteElo "1749"]
[BlackElo "1570"]
[PlyCount "103"]
[EventDate "2013.??.??"]

1. e4 Nc6 2. d4 d5 3. e5 Bf5 4. h4 h6 5. Bb5 Qd7 6. Nf3 a6 7. Ba4 e6 8. a3
O-O-O 9. O-O Bg4 10. Be3 g5 11. hxg5 hxg5 12. Bxg5 Be7 13. Bxc6 Qxc6 14. Bxe7
Nxe7 15. Qd3 Rdg8 16. Nbd2 Bh3 17. g3 (17. Ne1 Rh4 $17) 17... Bxf1 18. Nxf1 Ng6
19. c3 Nf4 20. Qe3 Rg4 21. N1h2 Nh3+ 22. Kg2 Re4 23. Qd2 Qc4 $6 (23... Qe8 24.
Re1 Qg8 $1) 24. Re1 Rxe1 25. Nxe1 Qc6 26. Nhf3 Rh5 27. Nd3 Qe8 28. Nf4 Nxf4+
29. Qxf4 Rf5 30. Qg4 Qh8 31. Qh4 Qf8 $2 (31... Qh5) 32. Qh7 (32. g4 Rf4 33. Ng5
) 32... f6 33. Nh4 Rg5 34. Ng6 Qe8 35. Ne7+ Kb8 36. exf6 Qf8 37. f4 Qxf6 38.
fxg5 Qxg5 39. Qg8+ Qxg8 40. Nxg8 Kc8 41. Kf3 Kd7 42. Kf4 Ke8 43. Ke5 Kf7 44.
Nf6 Ke7 45. g4 Kf7 46. g5 Kg6 47. Kxe6 Kxg5 48. Nxd5 c6 49. Ne7 Kf4 50. Nc8 Ke3
51. Nd6 b5 52. Kd7 1-0

[Event "Mechanics' Neil Falconer TNM; 30/90, SD"]
[Site "San Francisco"]
[Date "2013.08.13"]
[Round "2.7"]
[White "Newey, Richard"]
[Black "Doyle, Bryon"]
[Result "0-1"]
[WhiteElo "1842"]
[BlackElo "2046"]
[PlyCount "110"]
[EventDate "2013.??.??"]

1. e4 e5 2. Nf3 Nc6 3. Bc4 Nf6 4. Ng5 Bc5 5. Bxf7+ Ke7 6. Bd5 Rf8 7. O-O d6 8.
c3 Bg4 9. Qc2 h6 10. Bxc6 bxc6 11. d4 exd4 12. Re1 hxg5 13. e5 Kd7 14. Qg6 dxe5
15. Bxg5 Qe8 16. Qd3 Nd5 17. Qc4 Bb6 18. cxd4 Bxd4 19. Nc3 Nxc3 20. bxc3 Bxf2+
21. Kh1 Qe6 22. Qd3+ Qd5 23. Qxd5+ cxd5 24. Rxe5 Rae8 25. Rxd5+ Kc6 26. Rd3
Re1+ 27. Rxe1 Bxe1 28. h3 Bf5 29. Rf3 Rf7 30. Re3 Bd2 31. Rg3 Bxg5 32. Rxg5 Be4
33. Kg1 g6 34. Re5 Bb1 35. a3 Rf5 36. Re6+ Kb5 37. Re7 Rc5 38. Re8 Kc4 39. a4
Bc2 40. Re6 a5 41. Re3 Bd3 42. g4 Kxc3 43. Kf2 Kd4 44. Re7 Bc2 45. Kf3 Kc4 46.
h4 Kb4 47. h5 gxh5 48. gxh5 Bd1+ 49. Ke3 Bxh5 50. Re4+ Rc4 51. Re5 Bd1 52. Re4
Rxe4+ 53. Kxe4 Kxa4 54. Kd3 Kb3 55. Kd2 Kb2 0-1

[Event "Mechanics' Spring TNM; 30/90, SD/30"]
[Site "San Francisco"]
[Date "2013.04.09"]
[Round "4.16"]
[White "Newey, Richard"]
[Black "Doyle, Bryon"]
[Result "1-0"]
[WhiteElo "1702"]
[BlackElo "2005"]
[Annotator "Donaldson"]
[PlyCount "67"]
[EventDate "2013.??.??"]

1. e4 e5 2. Nf3 Nc6 3. Bc4 Nf6 4. Ng5 Bc5 5. O-O O-O 6. d3 h6 7. Nf3 d6 8. Be3
Bg4 9. c3 Ne7 10. b4 Bb6 11. a4 c6 12. a5 Bc7 13. a6 b5 14. Bb3 Ng6 15. Nbd2
Nh4 16. h3 Bh5 17. Kh1 d5 18. Bc5 Re8 19. Rg1 dxe4 20. g4 exf3 21. Nxf3 Nxf3
22. Qxf3 Bg6 23. g5 hxg5 24. Rxg5 e4 (24... Qxd3) 25. Qg2 Nd5 26. Rxg6 $1 fxg6
27. dxe4 Kh7 (27... Qf6) 28. exd5 Re5 $2 29. Rg1 g5 30. f4 $1 Re8 31. fxg5 Bf4
32. Qg4 Bxg5 33. Qf5+ Kh6 34. h4 (34. Be7 $3 Qxe7 35. Bc2) (34. Bc2 Qxd5+) 1-0

[Event "Mechanics' Winter TNM; 30/90, SD/30"]
[Site "San Francisco"]
[Date "2013.01.15"]
[Round "2.30"]
[White "Newey, Richard"]
[Black "Frank, Robert"]
[Result "1-0"]
[WhiteElo "1673"]
[BlackElo "1264"]
[PlyCount "131"]
[EventDate "2013.??.??"]

1. e4 e5 2. Nf3 Nf6 3. Nc3 Nc6 4. Bb5 d6 5. d4 exd4 6. Nxd4 Bd7 7. O-O a6 8.
Nxc6 Bxc6 9. Bxc6+ bxc6 10. Qe2 Be7 11. e5 Nd7 12. e6 fxe6 13. Qxe6 Rf8 14. Bg5
Rf7 15. Rfe1 Nf8 16. Qe2 Ng6 17. Rad1 Kf8 18. Bxe7+ Nxe7 19. Ne4 h6 20. Nc5 Qc8
21. Ne6+ Kg8 22. c4 c5 23. Qe4 a5 24. Re3 Rb8 25. b3 a4 26. bxa4 Rb4 27. Rb3
Rxa4 28. a3 Ra7 29. Rdb1 Qd7 30. Rb8+ Nc8 31. f4 Re7 32. f5 Re8 33. Qd3 Qa4 34.
Qc3 Qd7 35. R1b7 Rxb7 36. Rxb7 Re7 37. Qa5 Qc6 38. Rxc7 Rxc7 39. Nxc7 Qe4 40.
Qc3 Qxf5 41. Nd5 Kf7 42. Qb2 Qd7 43. Qf2+ Ke8 44. Qe3+ Kf7 45. Qf4+ Ke8 46.
Qe4+ Kf8 47. Kf2 Qf7+ 48. Kg3 Ne7 49. Qxe7+ Qxe7 50. Nxe7 Kxe7 51. Kf4 d5 52.
cxd5 c4 53. Ke4 c3 54. Kd3 c2 55. Kxc2 Kd6 56. Kd3 Kxd5 57. Ke3 Kc5 58. Kf4 Kb5
59. Kf5 Ka4 60. Kg6 Kxa3 61. Kxg7 Kb4 62. Kxh6 Kc5 63. g4 Kd6 64. Kh7 Ke7 65.
g5 Kf7 66. g6+ 1-0

[Event "Mechanics' Summer TNM; 30/90, SD/30"]
[Site "San Francisco"]
[Date "2013.05.28"]
[Round "1.4"]
[White "Newey, Richard"]
[Black "Fuentes, Romulo"]
[Result "0-1"]
[WhiteElo "1749"]
[BlackElo "2219"]
[PlyCount "72"]
[EventDate "2013.??.??"]

1. e4 c5 2. Nf3 d6 3. Bb5+ Bd7 4. Bxd7+ Qxd7 5. O-O Nf6 6. Qe2 Nc6 7. Rd1 e5 8.
c3 Qg4 9. d3 Be7 10. h3 Qh5 11. Na3 g5 12. Kf1 g4 13. Ng1 Rg8 14. f3 gxh3 15.
Nxh3 Rg3 16. Be3 O-O-O 17. Qf2 Rdg8 18. Nc2 Rxh3 19. gxh3 Qxh3+ 20. Ke1 Nxe4
21. dxe4 Bh4 22. Ke2 Bxf2 23. Bxf2 Qe6 24. Ne3 Ne7 25. b3 Rd8 26. Rh1 f5 27.
Rxh7 fxe4 28. fxe4 Ng6 29. Rg1 Rd7 30. Rgh1 Nf4+ 31. Kd2 Rxh7 32. Rxh7 Qg6 33.
Rh8+ Kc7 34. Nf5 Qg2 35. Rh7+ Kb6 36. Ke3 Qf1 0-1

[Event "Mechanics' Winter TNM; 30/90, SD/30"]
[Site "San Francisco"]
[Date "2013.02.26"]
[Round "8.17"]
[White "Newey, Richard"]
[Black "Grey, Peter"]
[Result "1-0"]
[WhiteElo "1673"]
[BlackElo "2011"]
[PlyCount "87"]
[EventDate "2013.??.??"]

1. e4 e5 2. Nf3 Nc6 3. Bc4 Nf6 4. Ng5 d5 5. exd5 b5 6. Bf1 Nd4 7. c3 Nxd5 8.
Nxf7 Kxf7 9. cxd4 exd4 10. Qf3+ Nf6 11. Bxb5 Bg4 12. Bc4+ Kg6 13. Qd3+ Kh6 14.
O-O Bd6 15. h3 Bh5 16. Qf5 g6 17. d3+ Kg7 18. Qa5 Re8 19. Qg5 Re5 20. Qh6+ Kh8
21. Bf4 Bf8 22. Qxf8+ Qxf8 23. Bxe5 g5 24. f4 g4 25. h4 Kg7 26. g3 c5 27. Nd2
Kh6 28. Rae1 Nd7 29. Bc7 Re8 30. Ne4 Bf7 31. Bd6 Qg8 32. Bb5 Rd8 33. f5 Kg7 34.
Bf4 Be8 35. Bg5 Rb8 36. Bc4 Bf7 37. Bxf7 Qxf7 38. Nd6 Qd5 39. Re7+ Kg8 40. Ne4
Kf8 41. Rxh7 Rxb2 42. Bh6+ Ke8 43. Rxd7 Qxa2 44. Nf6# 1-0

[Event "Mechanics' Summer TNM; 30/90, SD/30"]
[Site "San Francisco"]
[Date "2013.07.16"]
[Round "8.23"]
[White "Newey, Richard"]
[Black "James, Charles"]
[Result "1/2-1/2"]
[WhiteElo "1749"]
[BlackElo "1503"]
[PlyCount "135"]
[EventDate "2013.??.??"]

1. e4 e6 2. d4 d5 3. Nd2 Be7 4. Bd3 c5 5. exd5 Qxd5 6. Ngf3 Nf6 7. Bc4 Qd7 8.
O-O O-O 9. Nb3 b6 10. Ne5 Qc7 11. Bf4 Bd6 12. Qe2 Nc6 13. Rad1 cxd4 14. Nxc6
Bxf4 15. g3 Bd6 16. Ncxd4 a6 17. c3 b5 18. Bxb5 e5 19. Bxa6 Bxa6 20. Nb5 Bxb5
21. Qxb5 Rfb8 22. Qd3 Rd8 23. Qb1 Qa7 24. Rd2 Bc7 25. Rfd1 Rxd2 26. Rxd2 Bb6
27. h3 e4 28. Nd4 Qc7 29. Kg2 Rd8 30. Qd1 Qb7 31. Kh2 Re8 32. Nf5 Bc7 33. Nd6
Bxd6 34. Rxd6 Qxb2 35. Rd2 Qxc3 36. Rd8 Qe5 37. Kg2 e3 38. Rxe8+ Qxe8 39. fxe3
Qa8+ 40. Kg1 Ne4 41. a4 Nxg3 42. Qd6 Ne4 43. Qc7 h6 44. a5 Qa6 45. Qf4 Nd6 46.
Qb4 Nc4 47. Qb8+ Kh7 48. Qe8 Qg6+ 49. Kf2 Nxa5 50. Qb5 Nc6 51. h4 Qf6+ 52. Ke2
Ne5 53. Qb1+ g6 54. h5 Qf3+ 55. Kd2 Qxh5 56. Qb7 Qf5 57. Ke1 h5 58. e4 Qf4 59.
Qa8 h4 60. Qa2 Qxe4+ 61. Kf1 g5 62. Kf2 g4 63. Kg1 Qe3+ 64. Kh1 h3 65. Qd5 g3
$4 66. Qxf7+ Kh6 67. Qh7+ Kg5 68. Qh6+ 1/2-1/2

[Event "Mechanics' Winter TNM; 30/90, SD/30"]
[Site "San Francisco"]
[Date "2013.01.29"]
[Round "4.28"]
[White "Newey, Richard"]
[Black "James, Charles"]
[Result "1-0"]
[WhiteElo "1673"]
[BlackElo "1559"]
[Annotator "de Fermian"]
[PlyCount "53"]
[EventDate "2013.??.??"]

1. e4 e6 2. d4 d5 3. Nd2 Be7 4. e5 c5 5. c3 cxd4 (5... Nc6 6. Ngf3 Qb6 7. Nb3
cxd4 8. cxd4 Bb4+ 9. Bd2 Nge7 10. Be2 a5 11. O-O a4 12. Bxb4 Qxb4 13. Nc5 Qxb2
14. Nxa4 Rxa4) 6. cxd4 Bd7 7. Nb3 Qb6 8. Nf3 Nc6 (8... Bb5 9. Be2 Bxe2 10. Qxe2
Nc6 11. O-O) 9. Bd3 f6 (9... a5 10. O-O a4 11. Nc5 Bxc5 12. dxc5 Qxc5 13. Be3
Qb4 14. Qc1 Nge7 15. Bc5 Qg4) 10. exf6 (10. O-O) 10... gxf6 (10... Nxf6 11. O-O
O-O-O (11... O-O) 12. Bf4 (12. Be3 Qc7 13. Rc1 Bd6 14. Ne5 (14. Bd2))) 11. O-O
O-O-O 12. Be3 (12. Bf4) 12... Qc7 13. Rc1 Bd6 14. Bd2 (14. Nc5 Nge7 15. b4)
14... Nge7 15. Ba5 b6 16. Ba6+ Kb8 17. Bd2 Rdg8 (17... Bc8 18. Bb5 a6) 18. a4
Qd8 (18... e5 19. g3 e4 20. Nh4 Ng6 21. Ng2 h5 22. Ne3 Nge7) 19. Qe1 e5 20.
dxe5 Nxe5 (20... fxe5) 21. Nxe5 Bxe5 22. Bc3 Bf4 (22... d4 23. Bxd4 Bxd4 24.
Nxd4 Bh3 25. Qxe7 Rxg2+ 26. Kh1 Qxe7 27. Nc6+ Ka8 28. Nxe7 Rg7 29. Rg1 Rxe7 30.
Bb5) 23. Bxf6 Rxg2+ 24. Kxg2 Qg8+ 25. Kh1 Qg4 26. Be5+ Bxe5 27. Qxe5+ 1-0

[Event "Mechanics' Spring TNM; 30/90, SD/30"]
[Site "San Francisco"]
[Date "2013.04.16"]
[Round "5.11"]
[White "Newey, Richard"]
[Black "Jones, James"]
[Result "1-0"]
[WhiteElo "1702"]
[BlackElo "2000"]
[Annotator "Donaldson"]
[PlyCount "57"]
[EventDate "2013.??.??"]

1. e4 g6 2. d4 Bg7 3. Bc4 c5 4. d5 d6 5. Nf3 Nf6 6. Nc3 O-O 7. h3 (7. O-O $142)
7... b5 $1 8. Bxb5 Qa5 (8... Nxe4 9. Nxe4 Qa5+ 10. Nc3 Bxc3+ 11. bxc3 Qxb5) 9.
O-O Nxe4 10. Nxe4 Qxb5 11. a4 Qc4 12. Re1 Bf5 13. Ned2 Qxd5 14. Rxe7 Nc6 15. c4
Qd3 16. Re3 Qc2 17. Qf1 Rfe8 18. Qe1 Rxe3 19. Qxe3 Rb8 (19... Qd1+ 20. Kh2 Nb4
21. Ne1 d5) 20. Qe1 Kf8 21. Ra3 Bd3 22. Nf1 Qxc4 23. Ne3 Qa6 24. Nd5 c4 25. Ng5
Be5 26. Qe3 Qa5 (26... Kg8) 27. Nxh7+ Ke8 28. f4 Qxd5 29. Nf6+ {
Black was in severe time pressure and missed that he had ...Bd4 next move.} 1-0

[Event "Mechanics' Summer TNM; 30/90, SD/30"]
[Site "San Francisco"]
[Date "2013.06.11"]
[Round "3.15"]
[White "Newey, Richard"]
[Black "Kokesh, Tim"]
[Result "1/2-1/2"]
[WhiteElo "1749"]
[BlackElo "2119"]
[Annotator "Donaldson"]
[PlyCount "146"]
[EventDate "2013.??.??"]

1. e4 c5 2. Nf3 e6 3. d4 cxd4 4. Nxd4 Nf6 5. Bd3 Nc6 6. Nxc6 bxc6 7. O-O d5 8.
Qe2 (8. e5 Nd7 9. Re1) 8... Be7 9. exd5 cxd5 10. c4 O-O 11. cxd5 Nxd5 12. Bd2
Bb7 13. Rd1 (13. Nc3) 13... Qb6 14. Nc3 Bf6 15. Nxd5 Bxd5 16. Bc3 Bxc3 17. bxc3
Qc6 18. Qh5 g6 19. Qg4 Qxc3 20. Rac1 Qa5 21. Bc4 Rad8 22. Bxd5 Rxd5 23. Rxd5
Qxd5 24. Qc4 Rd8 25. Qxd5 Rxd5 26. Kf1 Rd2 27. Ra1 Kf8 28. Ke1 Rb2 29. a4 a5
30. Ra3 Rb4 31. Ke2 Ke7 32. Kd2 e5 33. Ke2 Ke6 34. Kd2 h5 35. Ke2 Kd5 36. Rd3+
Rd4 37. Rf3 f5 38. Ra3 Kc4 39. h3 h4 40. g3 Kb4 41. Ra1 hxg3 42. fxg3 Rd6 43.
Ke3 e4 44. Kf4 Kb3 45. g4 fxg4 46. hxg4 Re6 47. Ke3 Kb4 (47... g5 $1 {Zugzwang}
48. Rf1 Kxa4 49. Rf5 Kb4 50. Rxg5 a4 51. Rg8 a3 52. g5 Ra6 $19) 48. Ra2 Kc3 (
48... g5 $1) 49. Ra1 Kb3 50. Rb1+ (50. g5) 50... Kxa4 51. Rb7 Ka3 52. Rb5 a4
53. Rb7 Ka2 54. Rb5 a3 55. Rb7 Ka1 56. Rb5 a2 57. Rb4 Re5 58. Rb6 g5 59. Rb7
Rc5 60. Kxe4 Rc2 61. Kf5 Rb2 62. Ra7 Kb1 63. Rxa2 Rxa2 $4 (63... Rb5+ $19) 64.
Kxg5 Kc2 65. Kf5 Kd3 66. g5 Ra5+ 67. Kf6 Ke4 68. g6 Rf5+ 69. Kg7 $2 (69. Ke7
$11) 69... Ke5 70. Kh7 Kf6 71. g7 Rh5+ 72. Kg8 Rg5 73. Kh8 Rg1 $4 (73... Kf7
$19) 1/2-1/2

[Event "Mechanics' Winter TNM; 30/90, SD/30"]
[Site "San Francisco"]
[Date "2013.02.12"]
[Round "6.12"]
[White "Newey, Richard"]
[Black "LaCounte, Brendan"]
[Result "0-1"]
[WhiteElo "1673"]
[BlackElo "1974"]
[PlyCount "102"]
[EventDate "2013.??.??"]

1. e4 c5 2. Nf3 Nc6 3. Bc4 d6 4. O-O Nf6 5. Re1 e6 6. c3 Be7 7. d4 d5 8. exd5
exd5 9. Bb5 O-O 10. Bxc6 bxc6 11. Ne5 Bd7 12. Bf4 cxd4 13. cxd4 Bb4 14. Nxd7
Qxd7 15. Nc3 Rfe8 16. Rxe8+ Rxe8 17. Rc1 Ne4 18. Be3 Bd6 19. Nxe4 Rxe4 20. Qa4
Re6 21. g3 Be7 22. Rc3 Bd8 23. Qc2 Ba5 24. Rc5 Bb6 25. Rc3 Ba5 26. Rc5 $4 Bb4
27. a3 Bxc5 28. Qxc5 Qe7 29. Qc3 h6 30. Qb3 Qc7 31. Qc2 Qb6 32. b4 a5 33. Qc3
axb4 34. axb4 Qb5 35. Kg2 Re8 36. Qa3 Qc4 37. Qb2 Rb8 38. Qd2 Rxb4 39. Bxh6
Qxd4 40. Qg5 Qe4+ 41. Kh3 Qe6+ 42. Kg2 Qxh6 43. Qd8+ Kh7 44. Qd7 Qe6 45. Qd8
Qe4+ 46. Kh3 Qg4+ 47. Kg2 Rb2 48. Qe7 Qe4+ 49. Kh3 Qxe7 50. f4 Qe6+ 51. Kh4
Rxh2+ 0-1

[Event "Mechanics' Summer TNM; 30/90, SD/30"]
[Site "San Francisco"]
[Date "2013.07.09"]
[Round "7.17"]
[White "Newey, Richard"]
[Black "Manvelyan, Hovik"]
[Result "0-1"]
[WhiteElo "1749"]
[BlackElo "1902"]
[PlyCount "52"]
[EventDate "2013.??.??"]

1. e4 e6 2. d4 d5 3. Nd2 c5 4. exd5 Qxd5 5. Ngf3 cxd4 6. Bc4 Qd6 7. O-O Nf6 8.
Nb3 Nc6 9. Nbxd4 Nxd4 10. Nxd4 Qc7 11. Bb3 Bd6 12. g3 Bd7 13. Re1 O-O-O 14. Be3
e5 15. Ne2 Bc6 16. Qc1 Qd7 17. f3 Qh3 18. Rf1 Ng4 19. Rf2 Nxf2 20. Qf1 Qxf1+
21. Rxf1 Nh3+ 22. Kg2 Bd7 23. Bxa7 Ng5 24. Rd1 Be6 25. Rd3 e4 26. Nd4 exd3 0-1

[Event "Mechanics' Spring TNM; 30/90, SD/30"]
[Site "San Francisco"]
[Date "2013.03.26"]
[Round "2.28"]
[White "Newey, Richard"]
[Black "McCarty-Snead, Callaghan"]
[Result "1-0"]
[WhiteElo "1702"]
[BlackElo "1485"]
[Annotator "Donaldson"]
[PlyCount "83"]
[EventDate "2013.??.??"]

1. e4 e6 2. d4 d5 3. Nd2 Nf6 4. e5 Nfd7 5. Bd3 c5 6. c3 Nc6 7. Ne2 Qb6 8. Nf3
f6 9. exf6 Nxf6 10. O-O Bd6 11. Re1 O-O 12. Ng3 Bd7 13. Ne5 Bxe5 $2 (13... cxd4
) 14. dxe5 Ne8 15. Qh5 h6 16. Qg6 c4 17. Qh7+ Kf7 18. Be3 Qxb2 19. Bg6+ Ke7 20.
Bc5+ Kd8 21. Bxf8 Qxc3 22. Bxe8 Bxe8 23. Qxg7 b5 24. Bd6 Rc8 25. Rad1 d4 26.
Ne4 Qa5 27. Nc5 Rc7 28. Nxe6+ Kc8 29. Nxc7 c3 30. Nxe8 c2 31. Qg4+ Kb7 32. Qd7+
Ka6 33. Qxc6+ Qb6 34. Nc7+ Ka5 35. Qxb6+ axb6 36. Rd3 c1=Q 37. Rxc1 b4 38. e6
b5 39. e7 b3 40. e8=Q Kb6 41. Qxb5+ Ka7 42. Bc5# 1-0

[Event "Mechanics' Spring TNM; 30/90, SD/30"]
[Site "San Francisco"]
[Date "2013.04.30"]
[Round "7.15"]
[White "Newey, Richard"]
[Black "Rudyak, Felix"]
[Result "0-1"]
[WhiteElo "1702"]
[BlackElo "1968"]
[PlyCount "36"]
[EventDate "2013.??.??"]

1. e4 c5 2. Nf3 d6 3. Bb5+ Bd7 4. Bxd7+ Qxd7 5. O-O g6 6. d4 cxd4 7. Qxd4 Nf6
8. Re1 Nc6 9. Qd1 Bg7 10. Nc3 O-O 11. Bg5 Rac8 12. Bxf6 Bxf6 13. e5 Bg7 14.
exd6 exd6 15. Qd2 Na5 16. Ne5 Bxe5 17. Qd5 Nc4 18. Ne4 Qc6 0-1

[Event "Mechanics' Fall TNM; 30/90, SD/30"]
[Site "San Francisco"]
[Date "2013.11.12"]
[Round "4.7"]
[White "Newey, Richard"]
[Black "Steger, Alexander"]
[Result "0-1"]
[WhiteElo "1815"]
[BlackElo "2041"]
[PlyCount "104"]
[EventDate "2013.??.??"]

1. e4 e5 2. Nf3 Nc6 3. Bc4 Bc5 4. c3 Nf6 5. d4 exd4 6. cxd4 Bb4+ 7. Bd2 Nxe4 8.
Bxb4 Nxb4 9. Bxf7+ Kxf7 10. Qb3+ d5 11. Qxb4 Re8 12. O-O Kg8 13. Nc3 a5 14. Qb3
Nxc3 15. bxc3 Ra6 16. Rfe1 Rae6 17. Re5 c6 18. Rae1 Qd6 19. Qc2 h6 20. Qb3 Rxe5
21. Nxe5 Qf6 22. c4 dxc4 23. Qxc4+ Be6 24. Qc2 Rd8 25. Nf3 Bd5 26. Ne5 Rd6 27.
f3 Qf4 28. Qb2 b5 29. a3 Rf6 30. Nd7 Re6 31. Rxe6 Bxe6 32. Nc5 Bd5 33. Qc3 h5
34. g3 Qxf3 35. Qxf3 Bxf3 36. Kf2 Bd5 37. Ke3 g5 38. h4 gxh4 39. gxh4 Kf7 40.
Nd3 Kf6 41. Nf4 Bf7 42. Nd3 Kf5 43. Ne5 Bd5 44. Nd7 Kg4 45. Nf6+ Kxh4 46. Kf4
b4 47. axb4 axb4 48. Ne8 b3 49. Ng7 b2 50. Nf5+ Kh3 51. Ke3 b1=Q 52. Kd2 Qxf5
0-1

[Event "Mechanics' Winter TNM; 30/90, SD/30"]
[Site "San Francisco"]
[Date "2013.01.08"]
[Round "1.28"]
[White "Niemann, Hans"]
[Black "Afkham-Ebrahimi, Payam"]
[Result "0-1"]
[WhiteElo "1172"]
[BlackElo "1872"]
[PlyCount "20"]
[EventDate "2013.??.??"]

1. e4 e5 2. Nc3 Bc5 3. Bc4 d6 4. f4 Bxg1 5. Rxg1 Qh4+ 6. Ke2 Bg4+ 7. Ke3 exf4+
8. Kd4 Nc6+ 9. Kd3 Nb4+ 10. Kd4 c5# 0-1

[Event "Mechanics' Summer TNM; 30/90, SD/30"]
[Site "San Francisco"]
[Date "2013.05.28"]
[Round "1.21"]
[White "Niemann, Hans"]
[Black "Anderson, Michael"]
[Result "1-0"]
[WhiteElo "1533"]
[BlackElo "1946"]
[PlyCount "47"]
[EventDate "2013.??.??"]

1. e4 c5 2. Nf3 e6 3. d4 cxd4 4. Nxd4 a6 5. Nc3 b5 6. Be3 Bb7 7. f3 Qc7 8. Qd2
Nf6 9. Bd3 Be7 10. O-O-O d6 11. h4 Nbd7 12. g4 Ne5 13. Rdf1 Rc8 14. -- Nc4 15.
Bxc4 Qxc4 16. Kb1 Nd7 17. -- Nc5 18. -- Kd8 19. -- d5 20. f4 Na4 21. Nxa4 Qxa4
22. c3 a5 23. Qc2 Qxc2+ 24. Kxc2 {score is incorrect in several places} 1-0

[Event "Mechanics' Neil Falconer TNM; 30/90, SD"]
[Site "San Francisco"]
[Date "2013.08.27"]
[Round "4.10"]
[White "Niemann, Hans"]
[Black "Anderson, Michael Gene"]
[Result "1-0"]
[WhiteElo "1835"]
[BlackElo "1997"]
[PlyCount "41"]
[EventDate "2013.??.??"]

1. e4 c5 2. Nf3 e6 3. d4 cxd4 4. Nxd4 a6 5. Nc3 b5 6. Be3 Bb7 7. f3 Qc7 8. a3
Nf6 9. g4 d6 10. g5 Nfd7 11. Bg2 Nc6 12. O-O Be7 13. f4 O-O-O 14. f5 Nxd4 15.
Qxd4 e5 16. Qd2 Nb6 17. b3 f6 18. a4 d5 19. Nxd5 Bxd5 20. exd5 bxa4 21. Qa5 1-0

[Event "Mechanics' Fall TNM; 30/90, SD/30"]
[Site "San Francisco"]
[Date "2013.12.17"]
[Round "9.9"]
[White "Niemann, Hans"]
[Black "Andries, Craig"]
[Result "0-1"]
[WhiteElo "1800"]
[BlackElo "1956"]
[PlyCount "76"]
[EventDate "2013.??.??"]

1. e4 d6 2. d4 g6 3. Nc3 Bg7 4. Be3 c6 5. Be2 Qb6 6. Rb1 Nd7 7. Nf3 Qc7 8. O-O
Ngf6 9. h3 O-O 10. g4 e5 11. g5 Nh5 12. d5 c5 13. Ne1 Nf4 14. Bxf4 exf4 15. Nd3
h6 16. gxh6 Bxh6 17. Kh2 Qd8 18. f3 Qe7 19. Rg1 Nf6 20. Nf2 Nh5 21. Ng4 Bg7 22.
Bd3 a6 23. a4 Bd7 24. Ne2 Bxa4 25. Qd2 Bd7 26. b4 b5 27. c3 Rae8 28. Kg2 Qh4
29. Qe1 Qxe1 30. Rgxe1 c4 31. Bc2 f5 32. Nf2 Re7 33. Ra1 Bc8 34. Nd4 Bxd4 35.
cxd4 Rfe8 36. h4 Nf6 37. Rad1 Nxd5 38. Rd2 Nxb4 0-1

[Event "Mechanics' Spring TNM; 30/90, SD/30"]
[Site "San Francisco"]
[Date "2013.04.16"]
[Round "5.30"]
[White "Niemann, Hans"]
[Black "Brown, Nicholas"]
[Result "1-0"]
[WhiteElo "1227"]
[BlackElo "1570"]
[PlyCount "87"]
[EventDate "2013.??.??"]

1. e4 c6 2. d4 d5 3. Nc3 dxe4 4. Nxe4 Bf5 5. Ng3 Bg6 6. h4 h6 7. Nh3 e6 8. Nf4
Bh7 9. Bc4 Nf6 10. Qe2 Be7 11. Bxe6 Qd6 12. Bc8 Qc7 13. Bh3 O-O 14. Be3 Bd6 15.
Nfh5 Nbd7 16. Qf3 Rfe8 17. O-O Bxc2 18. Nxf6+ Nxf6 19. Bxh6 Bxg3 20. fxg3 Be4
21. Bf4 Qb6 22. Qc3 Rad8 23. Rad1 Bg6 24. Bg5 Ne4 25. Bxd8 Nxc3 26. Bxb6 Nxd1
27. Rxd1 axb6 28. Bg4 Re4 29. Bf3 Re7 30. Kf2 f6 31. Re1 Rxe1 32. Kxe1 Bf7 33.
b3 Kh7 34. g4 Kh6 35. Kd2 Be6 36. Ke3 Kg6 37. Kf4 Kf7 38. g5 Bd5 39. Bxd5+ cxd5
40. gxf6 Kxf6 41. h5 b5 42. g4 b6 43. g5+ Ke6 44. h6 1-0